| 000 | 00961cam a2200277 4500 | ||
|---|---|---|---|
| 008 | 090401t1993 xxu||||| |||| 00| 0 eng d | ||
| 020 | _a0860173739 | ||
| 035 | _a(Sirsi) u54436 | ||
| 041 | _aeng | ||
| 050 | _a614.76 | ||
| 100 | _aHooker, P.J. | ||
| 245 | _aMethane: its occurrence and hazards in construction. | ||
| 260 |
_aLondon _bCIRIA _c1993 |
||
| 300 | _a137p. ; 30cm. | ||
| 350 | _a60 | ||
| 490 |
_aCIRIA Report _v130 |
||
| 520 | _aThe report, which is the result of a research project carried out by the BGS for CIRIA, provides guidance for construction professionals on the physical and chemical properties of methane and landfill gas and their hazardous characteristics. | ||
| 650 | _aLANDFILL GAS | ||
| 650 | _aMETHANE | ||
| 690 | _aLAND | ||
| 700 | _aBannon, M.P. | ||
| 710 |
_aConstruction Industry Research and Information Association _94810 |
||
| 710 |
_aBritish Geological Survey _91581 |
||
| 942 | _n0 | ||
| 948 | _c04/03/1997 | ||
| 999 |
_c93473 _d93473 |
||